|
LDR
| 02455nam a2200589 a 4500 |
|---|
| 001 | 11425 |
|---|
| 003 | CZ-PrJAB |
|---|
| 005 | 20190905085303.0 |
|---|
| 007 | ta |
|---|
| 008 | 080827s2008 xr b f 001 0 cze |
|---|
| 015 | | . |
‡acnb001817313 |
|---|
| 020 | | . |
‡a978-80-7325-161-1
‡q(váz.) :
‡cKč 398,00 |
|---|
| 035 | | . |
‡a(CZ PrNK)nkc20081817313 |
|---|
| 035 | | . |
‡a(OCoLC)276816656 |
|---|
| 040 | | . |
‡aABA001
‡bcze
‡dOLA001 |
|---|
| 041 | 1 | . |
‡acze
‡heng |
|---|
| 043 | | . |
‡aew----- |
|---|
| 045 | | . |
‡aw4x1 |
|---|
| 072 | | 7. |
‡a316.4
‡xSociální procesy
‡2Konspekt
‡918 |
|---|
| 080 | | . |
‡a2-635-637-672
‡2MRF |
|---|
| 080 | | . |
‡a2-1
‡2MRF |
|---|
| 080 | | . |
‡a001:2-1
‡2MRF |
|---|
| 080 | | . |
‡a2-67
‡2MRF |
|---|
| 080 | | . |
‡a316.42
‡2MRF |
|---|
| 080 | | . |
‡a(4-15)
‡2MRF |
|---|
| 080 | | . |
‡a(048.8)
‡2MRF |
|---|
| 100 | 1 | . |
‡aMcLeod, Hugh,
‡d1944-
‡7uk2005277081
‡4aut |
|---|
| 245 | 1 | 0. |
‡aSekularizace v západní Evropě (1848-1914) /
‡cHugh McLeod ; [z anglického originálu ... přeložili Jana a Jiří Ogročtí] |
|---|
| 250 | | . |
‡a1. vyd. |
|---|
| 260 | | . |
‡aBrno :
‡bCentrum pro studium demokracie a kultury (CDK),
‡c2008 |
|---|
| 300 | | . |
‡a367 s. :
‡bmapy ;
‡c21 cm |
|---|
| 490 | 1 | . |
‡aDějiny a kultura ;
‡vsv. č. 18 |
|---|
| 504 | | . |
‡aObsahuje bibliografii, bibliografické odkazy a rejstřík |
|---|
| 648 | | 7. |
‡a1848-1914
‡7ch525265
‡2czenas |
|---|
| 650 | 0 | 7. |
‡asekularizace
‡7ph125471
‡zEvropa západní
‡y19.-20. století
‡2czenas |
|---|
| 650 | 0 | 7. |
‡areligiozita
‡7ph125113
‡zEvropa západní
‡y19.-20. století
‡2czenas |
|---|
| 650 | 0 | 7. |
‡avěda a víra
‡7ph116677
‡zEvropa západní
‡y19.-20. století
‡2czenas |
|---|
| 650 | 0 | 7. |
‡anáboženství a společnost
‡7ph138511
‡zEvropa západní
‡y19.-20. století
‡2czenas |
|---|
| 650 | 0 | 7. |
‡asociální změna
‡7ph125820
‡zEvropa západní
‡y19.-20. století
‡2czenas |
|---|
| 650 | 0 | 9. |
‡asecularization
‡zEurope, Western
‡y19th-20th centuries
‡2eczenas |
|---|
| 650 | 0 | 9. |
‡areligiosity
‡zEurope, Western
‡y19th-20th centuries
‡2eczenas |
|---|
| 650 | 0 | 9. |
‡ascience and belief
‡zEurope, Western
‡y19th-20th centuries
‡2eczenas |
|---|
| 650 | 0 | 9. |
‡areligion and society
‡zEurope, Western
‡y19th-20th centuries
‡2eczenas |
|---|
| 650 | 0 | 9. |
‡asocial change
‡zEurope, Western
‡y19th-20th centuries
‡2eczenas |
|---|
| 655 | | 7. |
‡astudie
‡7fd133597
‡2czenas |
|---|
| 655 | | 9. |
‡astudies
‡2eczenas |
|---|
| 765 | 0 | . |
‡tSecularisation in Western Europe, 1848-1914
‡9Česky |
|---|
| 830 | | 0. |
‡aDějiny a kultura |
|---|
| 856 | 4 | 1. |
‡uhttp://krameriusndk.nkp.cz/search/handle/uuid:2dc95ef0-b5b4-11e4-a7a2-005056827e51
‡yDigitalizovaný dokument |
|---|
| 910 | | . |
‡aABG312 |
|---|
| 995 | | . |
‡aska |
|---|
| 901 | | . |
‡a11425
‡bCZ-PrJAB
‡c11425
‡tbiblio |
|---|